ARRUPE JESUIT UNIVERSITY

CORONAVIRUS -STOP THE SPREAD - CLEAN,DISINFECT,COVER

Emancipating slaves, enslaving free men : (Record no. 121201)

MARC details
000 -LEADER
fixed length control field 02513mam a2200385 a 4500
001 - CONTROL NUMBER
control field 1880273
003 - CONTROL NUMBER IDENTIFIER
control field ARRUPE
005 - DATE AND TIME OF LATEST TRANSACTION
control field 20141107133319.0
008 - FIXED-LENGTH DATA ELEMENTS--GENERAL INFORMATION
fixed length control field 960410s1996 ilu b 001 0 eng
010 ## - LIBRARY OF CONGRESS CONTROL NUMBER
LC control number 96019332
020 ## - INTERNATIONAL STANDARD BOOK NUMBER
International Standard Book Number 0812693116 (cloth : alk. paper)
020 ## - INTERNATIONAL STANDARD BOOK NUMBER
International Standard Book Number 0812693124 (paper : alk. paper)
035 ## - SYSTEM CONTROL NUMBER
System control number (OCoLC)ocm34584078
035 ## - SYSTEM CONTROL NUMBER
System control number (NNC)1880273
040 ## - CATALOGING SOURCE
Original cataloging agency DLC
Transcribing agency DLC
Modifying agency OrLoB-B
043 ## - GEOGRAPHIC AREA CODE
Geographic area code n-us---
-- n-usu--
050 00 - LIBRARY OF CONGRESS CALL NUMBER
Classification number E468
Item number .H94 1996
082 00 - DEWEY DECIMAL CLASSIFICATION NUMBER
Classification number 973.7
Edition number 20
300 ## - PHYSICAL DESCRIPTION
Dimensions 24 cm.
100 1# - MAIN ENTRY--PERSONAL NAME
Personal name Hummel, Jeffrey Rogers.
9 (RLIN) 12490
245 10 - TITLE STATEMENT
Title Emancipating slaves, enslaving free men :
Remainder of title a history of the American Civil War /
Statement of responsibility, etc Jeffrey Rogers Hummel.
260 ## - PUBLICATION, DISTRIBUTION, ETC. (IMPRINT)
Place of publication, distribution, etc Chicago :
Name of publisher, distributor, etc Open Court,
Date of publication, distribution, etc c1996.
300 ## - PHYSICAL DESCRIPTION
Extent xiii, 421 p. ;
504 ## - BIBLIOGRAPHY, ETC. NOTE
Bibliography, etc Includes bibliographical references and index.
505 00 - FORMATTED CONTENTS NOTE
Title Prologue: America's Crisis --
Miscellaneous information 1.
Title Slavery and States' Rights in the Early Republic --
Miscellaneous information 2.
Title The Political Economy of Slavery and Secession --
Miscellaneous information 3.
Title The Slave Power Seeks Foreign Conquest --
Miscellaneous information 4.
Title Emergence of the Republican Party --
Miscellaneous information 5.
Title The Confederate States of America --
Miscellaneous information 6.
Title Mobilizing for Conflict --
Miscellaneous information 7.
Title The Military Struggle --
Miscellaneous information 8.
Title The War to Abolish Slavery? --
Miscellaneous information 9.
Title Republican Neo-Mercantilism Versus Confederate War Socialism --
Miscellaneous information 10.
Title Dissent and Disaffection - North and South --
Miscellaneous information 11.
Title The Ravages of Total War --
Miscellaneous information 12.
Title The Politics of Reconstruction --
Miscellaneous information 13.
Title American Society Transformed --
-- Epilogue: America's Turning Point.
520 ## - SUMMARY, ETC.
Summary, etc This book combines a sweeping narrative history of the Civil War with a bold new look at the war's significance for American society. Professor Hummel sees the Civil War as America's turning point: simultaneously the culmination and repudiation of the American revolution.
520 8# - SUMMARY, ETC.
Summary, etc A unique feature of the book is the bibliographical essays which follow every chapter. Here the author surveys the literature and points out where his own interpretation fits into the continuing clash of viewpoints which informs historical debate on the Civil War.
650 #0 - SUBJECT ADDED ENTRY--TOPICAL TERM
Topical term or geographic name as entry element States' rights (American politics)
General subdivision History
Chronological subdivision 19th century.
9 (RLIN) 12491
650 #0 - SUBJECT ADDED ENTRY--TOPICAL TERM
Topical term or geographic name as entry element Reconstruction.
9 (RLIN) 12492
651 #0 - SUBJECT ADDED ENTRY--GEOGRAPHIC NAME
Geographic name United States
General subdivision History
Chronological subdivision Civil War, 1861-1865.
9 (RLIN) 12483
651 #0 - SUBJECT ADDED ENTRY--GEOGRAPHIC NAME
Geographic name United States
General subdivision Politics and government
Chronological subdivision 1815-1861.
9 (RLIN) 12493
651 #0 - SUBJECT ADDED ENTRY--GEOGRAPHIC NAME
Geographic name United States
General subdivision History
Chronological subdivision Civil War, 1861-1865
General subdivision Causes.
9 (RLIN) 12494
651 #0 - SUBJECT ADDED ENTRY--GEOGRAPHIC NAME
Geographic name United States
General subdivision History
Chronological subdivision Civil War, 1861-1865
General subdivision Influence.
9 (RLIN) 12495
900 ## - EQUIVALENCE OR CROSS-REFERENCE-PERSONAL NAME [LOCAL, CANADA]
Numeration TOC
942 ## - ADDED ENTRY ELEMENTS (KOHA)
Source of classification or shelving scheme Library of Congress Classification
Koha item type Monograph ( Printed materials)
Holdings
Withdrawn status Lost status Source of classification or shelving scheme Damaged status Not for loan Collection code Home library Current library Shelving location Date acquired Total Checkouts Full call number Barcode Date last seen Price effective from Koha item type
    Library of Congress Classification     Main Collection ARRUPE LIBRARY ARRUPE LIBRARY Main Collection 07/11/2014   E468 .H94 1996 46500003733 13/12/2017 07/11/2014 Monograph ( Printed materials)

 

Arrupe Library. PO Box MP320 Mt Pleasant, Harare, Zimbabwe
263 242 745411|librarian@aju.ac.zw